Beverly Hills 90210. Ročenka 1994. /

Uložené v:
Podrobná bibliografia
Médium: Kniha
Jazyk:Slovak
English
Vydané: Bratislava : Egmont Neografia s.r.o., 1994
Vydanie:1. vyd.
Témy:
ISBN: 8071346365 (viaz.)
Fyzický popis: 61 s.
Tagy: Pridať tag
Žiadne tagy, Buďte prvý kto otaguje tento záznam!

MARC

LEADER 00000nam a2200000 a 4500
001 000039621
003 SVKK
005 19990617000000.0
008 950508s1994 xo e sloo
020 |a 8071346365 (viaz.) 
040 |a SVKKK  |b slo  |c SVKKK  |e AACR2 
041 1 |a slo  |h eng 
044 |a xo  |c SK 
080 |a 791.43(73)  |2 1997 
245 0 0 |a Beverly Hills 90210. Ročenka 1994. /  |c Text Melanie Clayden 
250 |a 1. vyd. 
260 |a Bratislava :  |b Egmont Neografia s.r.o.,  |c 1994 
300 |a 61 s. 
653 0 |a film americký  |2 SVKKKPH 
655 7 |a monografie  |2 SVKKKPH 
700 1 |a Clayden, Melanie  |4 oth 
910 |a svkkk 
919 |a 80-7134-636-5 
974 |a MI  |d 19950622 
974 |a PA  |d 19950622 
974 |a MI  |d 19990617 
998 |a BK 
090 |g SCKHL  |k Sklad Pribinova 3. posch.  |a V.192851  |j 882578  |i 2720866138  |s Povinný výt.